|
|
|
|
| LEADER |
00906nam a2200253 4500 |
| 001 |
DLU180184346 |
| 005 |
##20180410 |
| 040 |
# |
# |
|a DLU
|b vie
|
| 041 |
# |
# |
|a vie
|
| 044 |
# |
# |
|a vn
|
| 100 |
# |
# |
|a Phạm Hồng Tung.
|
| 245 |
# |
# |
|a Sự ra đời của Đội Việt Nam tuyên truyền giải phóng quân :
|b Luận giải từ góc độ lịch sử và văn hóa chính trị /
|c Phạm Hồng Tung.
|
| 653 |
# |
# |
|a Đội Việt Nam tuyên truyền giải phóng quân
|
| 653 |
# |
# |
|a Kháng chiến chống Pháp
|
| 653 |
# |
# |
|a Phong trào giải phóng dân tộc
|
| 773 |
# |
# |
|t Nghiên cứu lịch sử
|g Số 12(464), 2014, tr. 3-9
|
| 920 |
# |
# |
|a Phòng Tạp chí -- Trung tâm Thông tin - Thư viện Trường Đại học Đà Lạt
|
| 900 |
# |
# |
|a True
|
| 911 |
# |
# |
|a Nguyễn Thị Thu Phương
|
| 925 |
# |
# |
|a G
|
| 926 |
# |
# |
|a A
|
| 927 |
# |
# |
|a BB
|
| 980 |
# |
# |
|a Thư viện Trường Đại học Đà Lạt
|